Bright essence; (Record no. 130152)
[ view plain ]
| 000 -LEADER | |
|---|---|
| fixed length control field | 01942cam a2200313 4500 |
| 001 - CONTROL NUMBER | |
| control field | 792595 |
| 003 - CONTROL NUMBER IDENTIFIER | |
| control field | ARRUPE |
| 005 - DATE AND TIME OF LATEST TRANSACTION | |
| control field | 20200121125358.0 |
| 008 - FIXED-LENGTH DATA ELEMENTS--GENERAL INFORMATION | |
| fixed length control field | 711105s1971 utu b 000 0 eng |
| 010 ## - LIBRARY OF CONGRESS CONTROL NUMBER | |
| LC control number | 74161485 |
| 020 ## - INTERNATIONAL STANDARD BOOK NUMBER | |
| International Standard Book Number | 0874800617 |
| 040 ## - CATALOGING SOURCE | |
| Original cataloging agency | DLC |
| Transcribing agency | DLC |
| Modifying agency | DLC |
| 050 00 - LIBRARY OF CONGRESS CALL NUMBER | |
| Classification number | PR3592.R4 |
| Item number | H78 |
| 082 00 - DEWEY DECIMAL CLASSIFICATION NUMBER | |
| Classification number | 821/.4 |
| 300 ## - PHYSICAL DESCRIPTION | |
| Dimensions | 25 cm. |
| 100 1# - MAIN ENTRY--PERSONAL NAME | |
| Personal name | Hunter, William Bridges, |
| Dates associated with a name | 1915- |
| 9 (RLIN) | 48878 |
| 245 10 - TITLE STATEMENT | |
| Title | Bright essence; |
| Remainder of title | studies in Milton's theology |
| Statement of responsibility, etc | [by] Hunter, Patrides [and] Adamson. |
| 260 ## - PUBLICATION, DISTRIBUTION, ETC. (IMPRINT) | |
| Place of publication, distribution, etc | Salt Lake City, |
| Name of publisher, distributor, etc | University of Utah Press, |
| Date of publication, distribution, etc | 1971. |
| 300 ## - PHYSICAL DESCRIPTION | |
| Extent | ix, 181 p. |
| 350 ## - PRICE (NR) (BK AM CF MU VM SE) [OBSOLETE] | |
| Price | $7.95 |
| 504 ## - BIBLIOGRAPHY, ETC. NOTE | |
| Bibliography, etc | Includes bibliographical references. |
| 505 0# - FORMATTED CONTENTS NOTE | |
| Formatted contents note | Problems in definition: Milton on the Trinity: the use of antecedents, by C. A. Patrides. Further definitions: Milton's theological vocabulary, by W. B. Hunter.--The Son in His relation to the Father: Milton's Arianism reconsidered, by W. B. Hunter. Milton's "Arianism", by J. H. Adamson. Milton and Arianism, by C. A. Patrides. The Godhead in Paradise lost: dogma or drama? By C. A. Patrides.--The Son in His relation to the universe and man: The creation, by J. H. Adamson. The war in heaven: the merkabah, by J. H. Adamson. The war in heaven: the exaltation of the Son, by W. B. Hunter: Milton on the incarnation, by W. B. Hunter. Milton's muse, by W. B. Hunter.--Problems of stylistic expression: Paradise lost and the theory of accommodation, by C. A. Patrides. Paradise lost and the language of theology, by C. A. Patrides. A reading list on the language of theology, by C. A. Patrides. |
| 600 10 - SUBJECT ADDED ENTRY--PERSONAL NAME | |
| Personal name | Milton, John, |
| Dates associated with a name | 1608-1674 |
| General subdivision | Religion. |
| 9 (RLIN) | 1920 |
| 650 #0 - SUBJECT ADDED ENTRY--TOPICAL TERM | |
| Topical term or geographic name as entry element | Christian literature, English |
| General subdivision | History and criticism. |
| 9 (RLIN) | 48960 |
| 650 #0 - SUBJECT ADDED ENTRY--TOPICAL TERM | |
| Topical term or geographic name as entry element | Christianity and literature |
| Geographic subdivision | England |
| General subdivision | History |
| Chronological subdivision | 17th century. |
| 9 (RLIN) | 1921 |
| 700 1# - ADDED ENTRY--PERSONAL NAME | |
| Personal name | Patrides, C. A. |
| 9 (RLIN) | 14770 |
| 700 1# - ADDED ENTRY--PERSONAL NAME | |
| Personal name | Adamson, Jack H. |
| 9 (RLIN) | 48961 |
| 906 ## - LOCAL DATA ELEMENT F, LDF (RLIN) | |
| a | 7 |
| b | cbc |
| c | orignew |
| d | 2 |
| e | ncip |
| f | 19 |
| g | y-gencatlg |
| 942 ## - ADDED ENTRY ELEMENTS (KOHA) | |
| Source of classification or shelving scheme | Library of Congress Classification |
| Koha item type | Monograph ( Printed materials) |
| Withdrawn status | Lost status | Source of classification or shelving scheme | Damaged status | Not for loan | Collection code | Home library | Current library | Shelving location | Date acquired | Total Checkouts | Full call number | Barcode | Date last seen | Price effective from | Koha item type |
|---|---|---|---|---|---|---|---|---|---|---|---|---|---|---|---|
| Library of Congress Classification | Main Collection | ARRUPE LIBRARY | ARRUPE LIBRARY | Main Collection | 21/01/2020 | PR3592.R4 H78 | 46600006168 | 21/01/2020 | 21/01/2020 | Monograph ( Printed materials) |